ბათუმის შოთა რუსთაველის სახელმწიფო უნივერსიტეტის ბიბლიოთეკა

ბიზნესის ადმინისტრირების საფუძვლები = Fundamentals of business administration : (ბიბ.ჩანაწერი № 36286)

000 -ლიდერი
ფიქსირებული სიგრძის საკონტროლო ველი 01376nam a2200277Ia 4500
001 - საკონტროლო ნომერი
საკონტროლო ველი 2193
003 - საკონტროლო ნომრის იდენტიფიკატორი
საკონტროლო ველი GE_BSU
005 - ბოლო ოპერაციის თარიღი და დრო
საკონტროლო ველი 20190506164219.0
008 - ფიქსირებული სიგრძის მონაცემთა ელემენტები - ზოგადი ინფორმაცია
ფიქსირებული სიგრძის საკონტროლო ველი 181216s2008||||ge |||||||||||||| ||geo||
020 ## - წიგნის საერთაშორისო სტანდარტული ნომერი
International Standard Book Number 9992855269
040 ## - კატალოგიზაციის წყარო
Transcribing agency GE_BSU
041 ## - ენის კოდი
Language code of text/sound track or separate title geo
080 ## - უნივერსალური ათობითი კლასიფიკაციის ინდექსი
Universal Decimal Classification number 338.22(075.8) შ–48
100 ## - მთავარი ჩანაწერი - პიროვნების სახელი
Personal name შენგელია, თეიმურაზ
9 (RLIN) 814
245 ## - ცნობა სათაურის შესახებ
Title ბიზნესის ადმინისტრირების საფუძვლები = Fundamentals of business administration :
Remainder of title ნაწ. (1, 2). ; სახელმძღვ. სტუდ. /
Statement of responsibility, etc თეიმურაზ შენგელია ; რედ. რომან გოცირიძე.
264 ## - წარმოების, გამოცემის, დისტრიბუციის და სხვა ცნობები
გამოცემის, წარმოების, დისტრიბუციის... ადგილი თბილისი :
გამოცემის, წარმოების, დისტრიბუციის... სახელწოდება ახალი საქართველო,
გამოცემის, წარმოების, დისტრიბუციის... თარიღი 2008.
300 ## - ფიზიკური აღწერა
Extent 658 გვ.:
Other physical details ცხ., ნახ.,
Dimensions 23 სმ.
500 ## - ზოგადი შენიშვნა
General note ტერმინების განმარტ. ლექსიკონი: გვ. 604-633.
504 ## - BIBLIOGRAPHY, ETC. NOTE
Bibliography, etc ბიბლიოგრ.: გვ. 634-646.
653 ## - INDEX TERM--UNCONTROLLED
Uncontrolled term ეკონომიკა
653 ## - INDEX TERM--UNCONTROLLED
Uncontrolled term ბიზნესის ადმინისტრირება
653 ## - INDEX TERM--UNCONTROLLED
Uncontrolled term ბიზნესის დაგეგმვა
653 ## - INDEX TERM--UNCONTROLLED
Uncontrolled term რეკლამა
700 ## - ADDED ENTRY--PERSONAL NAME
Personal name გოცირიძე, რომან
Relator term რედაქტორი
9 (RLIN) 815
942 ## - ADDED ENTRY ELEMENTS (KOHA)
Koha item type წიგნი
Source of classification or shelving scheme
ეგზემპლარები
ჩამოწერის სტატუსი დაკარგული ეგზემპლარის სტატუსი კლასიფიკაციის წყარო ან თაროზე გაწყობის სქემა დაზიანების სტატუსი არ გაიცემა მუდმივი მდებარეობა (დაცვის ადგილი) ამჟამინდელი ადგილსამყოფელი თაროზე განთავსების ადგილი შეძენის თარიღი ღირებულება, შესყიდვის ნორმალური ფასი სრული შენახვის შიფრი შტრიხკოდი ბოლო ოპერაციის თარიღი ეგზემპლარის მიმდევრობითი ნომერი (კეტერი?) ფასის ძალაში შესვლის თარიღი ეგზემპლარის სახეობა საჯარო შენიშვნა
          ბათუმის შოთა რუსთაველის სახელმწიფო უნივერსიტეტის მთავარი ბიბლიოთეკა ბათუმის შოთა რუსთაველის სახელმწიფო უნივერსიტეტის მთავარი ბიბლიოთეკა წიგნსაცავი 2018-12-17 18.00 338.22(075.8) შ–48 4158 2018-12-17 158 2018-12-17 წიგნი 18 ლ.
          ბათუმის შოთა რუსთაველის სახელმწიფო უნივერსიტეტის მთავარი ბიბლიოთეკა ბათუმის შოთა რუსთაველის სახელმწიფო უნივერსიტეტის მთავარი ბიბლიოთეკა წიგნსაცავი 2023-09-20 30.00 338.22(075.8) შ–48 979 2023-09-20 979 2023-09-20 წიგნი 30 ლ.
          ბათუმის შოთა რუსთაველის სახელმწიფო უნივერსიტეტის მთავარი ბიბლიოთეკა ბათუმის შოთა რუსთაველის სახელმწიფო უნივერსიტეტის მთავარი ბიბლიოთეკა წიგნსაცავი 2023-09-20 25.00 338.22(075.8) შ–48 2061 2023-09-20 2061 2023-09-20 წიგნი 25 ლ.
          ბათუმის შოთა რუსთაველის სახელმწიფო უნივერსიტეტის მთავარი ბიბლიოთეკა ბათუმის შოთა რუსთაველის სახელმწიფო უნივერსიტეტის მთავარი ბიბლიოთეკა წიგნსაცავი 2023-09-20 25.00 338.22(075.8) შ–48 2062 2023-09-20 2062 2023-09-20 წიგნი 25 ლ.